01389cam a2200325 i 450000100090000000300040000900500170001300800410003001000170007102000240008802000260011202000250013802000320016303500130019504000280020804200080023605000250024408200160026910000290028524501060031426400430042030000230046333600260048633700280051233800270054050400690056750502510063663000540088777601220094120531355OSt20260218154246.0180606s2018 ilu b 001 0 eng  a 2018011864 a9781433559679q(hc) z9781433559709q(ePub) z9781433559686q(PDF) z9781433559693q(Mobipocket) a20531355 aDLCbengerdacDLCdDLC apcc00aBS1285.52b.D49 201800a241.5/22231 aDeYoung, Kevin,eauthor.14aThe 10 commandments :bwhat they mean, why they matter, and why we should obey them /cKevin DeYoung. 1aWheaton, Illinois :bCrossway,c[2018] a203 pages ;c21 cm atextbtxt2rdacontent aunmediatedbn2rdamedia avolumebnc2rdacarrier aIncludes bibliographical references (pages 189-192) and indexes.0 aGod and God alone -- The way of worship -- What's in a name? -- Rest, rejoice, repeat -- Honor to whom honor is due -- Murder, we wrote -- An affair of the heart -- Treasures in heaven -- True witnesses -- The rare Jewel of Christian contentment.00aTen commandmentsxCriticism, interpretation, etc.08iOnline version:aDeYoung, Kevin, author.tTen CommandmentsdWheaton : Crossway, 2018z9781433559686w(DLC) 2018029548